| 000 | 005500000a22002170004500 | ||
|---|---|---|---|
| 999 |
_c48938 _d48938 |
||
| 001 | 1781 | ||
| 003 | CO-MdFUSB | ||
| 005 | 20180213142459.0 | ||
| 008 | 180213b xxu||||| |||| 00| 0 eng d | ||
| 020 | _a978-970-817-001-7 | ||
| 040 | _cCO-MdBIC | ||
| 082 | 0 | 4 | _a513 B193a |
| 100 | 1 | _aBaldor, Aurelio | |
| 245 | 1 | 0 | _aArtmética / Aurelio Baldor |
| 250 | _a2a ed. | ||
| 260 | _aMéxico : Grupo Editorial Patricia | ||
| 300 | _a639 P. | ||
| 500 | _aTeorico-práctico con 7008 ejercicios y problemas | ||
| 650 | 1 | 4 | _aMatemáticas |
| 942 | _cLGB | ||